Vysokoškolské vzdelávanie ako investícia do ľudského kapitálu
Teória ľudského kapitálu. Vzdelanie poskytujúce vyššiu konkurenčnú výhodu na trhu práce. Úroveň zamestnanosti podľa najvyššieho dosiahnutého stupňa vzdelania na Slovensku a v EÚ (2008). Návratnosť investícií do vzdelania. Problémy tranzície absolventov vysokých škôl na trh práce. Zamestnateľnosť abs...
Saved in:
| Main Author: | |
|---|---|
| Other Authors: | |
| Format: | Book Chapter |
| Language: | Slovak |
| Subjects: | |
| Tags: |
No Tags, Be the first to tag this record!
|
MARC
| LEADER | 00000naa a2200000 4500 | ||
|---|---|---|---|
| 001 | 0163767 | ||
| 005 | 20240502083402.5 | ||
| 041 | 0 | |a slo | |
| 044 | |a UA | ||
| 245 | 1 | 0 | |a Vysokoškolské vzdelávanie ako investícia do ľudského kapitálu |c Tatiana Varcholová, Lenka Dubovická |
| 520 | |a Teória ľudského kapitálu. Vzdelanie poskytujúce vyššiu konkurenčnú výhodu na trhu práce. Úroveň zamestnanosti podľa najvyššieho dosiahnutého stupňa vzdelania na Slovensku a v EÚ (2008). Návratnosť investícií do vzdelania. Problémy tranzície absolventov vysokých škôl na trh práce. Zamestnateľnosť absolventov a návrh opatrení na zlepšenie súčasnej situácie. | ||
| 610 | 2 | 0 | |a vzdelávanie vysokoškolské |
| 610 | 2 | 0 | |a študenti |
| 610 | 2 | 0 | |a absolventi |
| 610 | 2 | 0 | |a kapitál ľudský |
| 610 | 2 | 0 | |a investície |
| 610 | 2 | 0 | |a trh práce |
| 610 | 2 | 0 | |a zamestnanosť |
| 610 | 2 | 0 | |a univerzity |
| 610 | 2 | 0 | |a školy vysoké |
| 610 | 2 | 0 | |a firmy |
| 610 | 2 | 0 | |a Slovensko |
| 610 | 2 | 0 | |a Európska únia |
| 100 | 1 | |a Varcholová, Tatiana | |
| 700 | 1 | |a Dubovická, Lenka | |